Robot brains : Circuits and systems for conscious machines

Robot Brains expertly outlines a complete system approach to cognitive machines, offering practical design guidelines for the creation of non-numeric autonomous creative machines. It details topics such as component parts and realization principles, so that different pieces may be implemented in har...

पूर्ण विवरण

में बचाया:
ग्रंथसूची विवरण
मुख्य लेखक: Haikonen, Pentti O.
स्वरूप: पुस्तक
भाषा:Undetermined
प्रकाशित: Chichester, England John Wiley 2007
विषय:
टैग : टैग जोड़ें
कोई टैग नहीं, इस रिकॉर्ड को टैग करने वाले पहले व्यक्ति बनें!
Thư viện lưu trữ: Trung tâm Học liệu Trường Đại học Cần Thơ
LEADER 01120nam a2200217Ia 4500
001 CTU_133352
008 210402s9999 xx 000 0 und d
020 |c 2106000 
082 |a 629.89263 
082 |b H149 
100 |a Haikonen, Pentti O. 
245 0 |a Robot brains : 
245 0 |b Circuits and systems for conscious machines 
245 0 |c Pentti O. Haikonen 
260 |a Chichester, England 
260 |b John Wiley 
260 |c 2007 
520 |a Robot Brains expertly outlines a complete system approach to cognitive machines, offering practical design guidelines for the creation of non-numeric autonomous creative machines. It details topics such as component parts and realization principles, so that different pieces may be implemented in hardware or software. Real-world examples for designers and researchers are provided, including circuit and systems examples that few books on this topic give 
650 |a Robotics,Conscious automata,Khoa học nghiên cứu người máy,Trí tuệ tự động 
904 |i Nguyên 
980 |a Trung tâm Học liệu Trường Đại học Cần Thơ